000
00333nam a22001457a 4500
003
SGT
020
_a
9780199490493
082
_a
342.0954
_b
J19R
100
_a
RANJAN, SUDHANSHU
245
_a
JUSTICE VS JUDICIARY
260
_a
INDIA
_b
OXFORD UNIVERSITY
_c
2019
300
_a
384
650
_a
INDIAN CONSTITUTION
942
_2
ddc
_c
BK
999
_c
26209
_d
26209